Manna animae seu exercitium simul et fructuosum illis, qui quoquo modo vacare orationi desiderant

Detalles Bibliográficos
Autor principal: SEÑERI, Pablo
Formato: Libro
Publicado: Dilligen 1699
Materias:
Colección:Banco de datos
Acervo:Biblioteca del Ex Convento de Nuestra Señora de Guadalupe. Zacatecas
Tema general:Ascética
Notas:Regular. XVI,1,4 (5187). Ex libris de la Librería del Colegio de Gpe., Zac.
LEADER 00765nam a22001930004500
035 |a 46304 
036 |a 7488 
100 1 |a SEÑERI, Pablo 
245 1 0 |a Manna animae seu exercitium simul et fructuosum illis, qui quoquo modo vacare orationi desiderant 
260 |a Dilligen  |b imp. Juan Gaspar Bencard  |c 1699 
500 |a Regular. XVI,1,4 (5187). Ex libris de la Librería del Colegio de Gpe., Zac. 
650 1 0 |a Ascética 
949 |a CRZ-CG 
959 |a Ex convento de Nuestra Señora de Guadalupe, Museo Regional de Zacatecas, Zacatecas  |b CCC4 
960 |a Convento de Nuestra Señora de Guadalupe, Zacatecas  |b DD87 
961 |a Franciscana  |b OF 
942 |c CRZ-CG 
943 |g Biblioteca del Ex Convento de Nuestra Señora de Guadalupe. Zacatecas 
999 |c 970431  |d 970431